Statistics for Countries beginning with A

Click here to take the quiz!

General Stats

  • This quiz has been taken 44 times
  • The average score is 7 of 8

Answer Stats

HintAnswer% Correct
EuropeAlbania
89%
South AmericaArgentina
89%
EuropeAndorra
86%
AffricaAngola
86%
AsiaArmenia
86%
AfricaAlgeria
83%
North AmericaAntigua and Barbuda
83%
AsiaAfghanistan
66%

Score Distribution

Percentile by Number Answered

Percent of People with Each Score

Your Score History

You have not taken this quiz